Technické rezervy v poisťovniach a analýza ich umiestnenia

Tvorba technických rezerv v poisťovniach a legislatívna úprava ich finančného umiestnenia v Slovenskej republike. Analýza finančného umiestnenia prostriedkov technických rezerv poisťovní v Slovenskej republike. Legislatívna úprava finančného umiestnenia prostriedkov technických rezerv poisťovní v...

ver descrição completa

Na minha lista:
Detalhes bibliográficos
Autor principal: Majtánová, Anna
Outros Autores: Krátka, Zuzana, 1968-
Formato: Capítulo de Livro
Idioma:eslovaco
Assuntos:
Tags: Adicionar Tag
Sem tags, seja o primeiro a adicionar uma tag!

MARC

LEADER 00000naa$a2200000$$$4500
001 0057996
005 20240502071642.7
041 0 |a slo 
044 |a SK 
245 1 0 |a Technické rezervy v poisťovniach a analýza ich umiestnenia  |c Anna Majtánová, Zuzana Krátka 
520 |a Tvorba technických rezerv v poisťovniach a legislatívna úprava ich finančného umiestnenia v Slovenskej republike. Analýza finančného umiestnenia prostriedkov technických rezerv poisťovní v Slovenskej republike. Legislatívna úprava finančného umiestnenia prostriedkov technických rezerv poisťovní v krajinách Európskej únie. Globalizačné aspekty v investičnej činnosti poisťovní. 
610 2 0 |a rezervy technické 
610 2 0 |a poistenie 
610 2 0 |a Slovensko 
610 2 0 |a globalizácia 
610 2 0 |a legislatíva 
610 2 0 |a Európska únia 
610 2 0 |a politika investičná 
610 2 0 |a poisťovníctvo 
100 1 |a Majtánová, Anna 
700 1 |a Krátka, Zuzana, 1968-